Holiday Quiz

Random Holiday or Judaism Quiz

Jewish Holidays Quiz Stats

 Plays Quiz Updated Apr 5, 2019

Score 0/16 Timer 05:00
7 Plays Today
Hint Answer % Correct
Festival of LightsHanukkah
91.5%
Day of AtonementYom Kippur
85.1%
Commemoration of deliverance from EgyptPesach
79.2%
Jewish New YearRosh Hashana
76.6%
Weekly day of restShabbat
61.4%
Festival of LotsPurim
48%
Feast of Booths; Feast of TabernaclesSukkot
44.4%
Rejoicing of the TorahSimchat Torah
37.3%
Hint Answer % Correct
New Year for TreesTu Bishvat
33.6%
Festival of WeeksShavuot
29.5%
33rd day of the OmerLag BaOmer
28.7%
First day of the monthRosh Chodesh
26.1%
Commemorates the destruction of the First and Second Temples in JerusalemTisha b'Av
20.4%
Eighth Day of AssemblyShemini Atzeret
15.1%
Celebrates the reunification of JerusalemYom Yerushalayim
12.4%
The seventh day of the Feast of BoothsHoshana Rabbah
7.7%

You're not logged in!

Compare scores with friends on all Sporcle quizzes.
OR
Log In

Sporcle TV

Today on Sporcle TV


Watch our educational content, quiz creation guides, and fun videos on Sporcle TV.

Show Comments

Extras

Top Quizzes Today


Score Distribution

Your Account Isn't Verified!

In order to create a playlist on Sporcle, you need to verify the email address you used during registration. Go to your Sporcle Settings to finish the process.

Report this User

Report this user for behavior that violates our Community Guidelines.

Details: